00536 2200205 4500001002100000005001500021035002000036008004100056245008600097100002100183250000600204260003600210300001200246084001400258082000800272650001400280990001200294990001200306990001200318INLIS00000000000045320240430112531 a0010-0424000429240430 0 ind 1 aEnsiklopedia Bahasa Dan Sastra Indonesia ; Paragraf Dan Wacana /cIrsyadi Shalima aShalima, Irsyadi a1 aKlaten :bIntan Pariwara,c2014 a116 hlm a410 IRS e a410 4aNon Fiksi a0722612 a0722613 a0722614